| 000 | 00347 a2200157 4500 | ||
|---|---|---|---|
| 001 | 175889 | ||
| 020 | _a | ||
| 040 | _cMagnum | ||
| 100 | _aBraz, Julio Emilio | ||
| 240 | 1 | 0 |
_aAlgum lugar lugar nenhum _lpor |
| 245 | 1 | 0 | _aAlgum lugar lugar nenhum |
| 362 | 0 | _a1899 | |
| 440 | 1 | _aAo Livro Técnico | |
| 697 | _aMAGNITO: J/FICCAO | ||
| 942 | _cBK | ||
| 999 |
_c175889 _d175889 |
||